Welcome to CU Library Online Public Access Catalogue (OPAC)

A new birth of freedom; (Record no. 6952)

MARC details
000 -LEADER
fixed length control field 00472cam a22001571 4500
001 - CONTROL NUMBER
control field 7372114
005 - DATE AND TIME OF LATEST TRANSACTION
control field 20250714094015.0
008 - FIXED-LENGTH DATA ELEMENTS--GENERAL INFORMATION
fixed length control field 750507s1938 nyu 000 0 eng
050 00 - LIBRARY OF CONGRESS CALL NUMBER
Classification number E183
Item number .R66
082 ## - DEWEY DECIMAL CLASSIFICATION NUMBER
Classification number 973
100 1# - MAIN ENTRY--PERSONAL NAME
Personal name Roosevelt, Nicholas,
Dates associated with a name 1893-1982.
245 12 - TITLE STATEMENT
Title A new birth of freedom;
Statement of responsibility, etc. by Nicholas Roosevelt ...
Remainder of title a theology of bondage and liberation
260 ## - PUBLICATION, DISTRIBUTION, ETC.
Place of publication, distribution, etc. Philadelpphia
Name of publisher, distributor, etc. Fortress Press
Date of publication, distribution, etc. c1976.
300 ## - PHYSICAL DESCRIPTION
Extent xvi, 368p.
Dimensions 21 cm.
942 ## - ADDED ENTRY ELEMENTS (KOHA)
Source of classification or shelving scheme Library of Congress Classification
Koha item type Books
Suppress in OPAC No
999 ## -
-- 6952
-- 6952
Holdings
Withdrawn status Lost status Source of classification or shelving scheme Damaged status Not for loan Collection Home library Current library Shelving location Date acquired Total checkouts Full call number Barcode Date last seen Copy number Price effective from Koha item type
    Library of Congress Classification     Non-fiction Undergraduate Library (Christ Temple) Undergraduate Library (Christ Temple) General stacks 07/14/2025   BT83.57 HOD ulct00003828 07/14/2025 1 07/14/2025 Books
© 2023-2024 Copyright: Central University Libraries. All Rights Reserved | Created by: Mahone Tech Office